000 00876cad a22002055a 4500
001 E154049
008 111010s2011 xxk f s000 0 eng d
020 _a9781780453828
035 _a(Sirsi) u154049
041 0 _aeng
110 2 _aScotland
_bScottish Government
_95344
245 0 0 _aYour right to buy your home a guide for Scottish secure tenants
_h[electronic resource]
260 _aEdinburgh
_bScottish Government
_c2011
520 _aAdvises Scottish secure tenants of councils or a registered social landlords on their eligibility for the right to buy their home, and the process involved.
590 _aKA
651 4 _aScotland
_y1999-
690 _aPROPERTY-RESIDENTIAL PROPERTY-DOMESTIC RESIDENTIAL PROPERTY-HOUSING
856 4 0 _uhttps://www.scotland.gov.uk/Publications/2011/10/05083856/0
_zView the guide free of charge at www.scotland.gov.uk
942 _n0
999 _c112820
_d112820